00992nam a2200277 a 450000100060000000300080000600500170001400800410003102000280007202000400010003500190014004000320015904100080019108200220019910000330022124500710025425000120032526000350033730000340037250400510040665000240045770000490048194200120053099900170054295201550055973787BD-RjUL20211209082439.0170611s1992 ilua b 001 0 eng  a0256081468 (alk. paper) a025611269X (Int'l ed. : alk. paper) a(BD-RjUL)74005 aDLCcDLCdDLCdBD-RjULbeng aeng00223a657bHEA 19921 aHendriksen, Eldon S.921847310aAccounting theory /cEldon S. Hendriksen and Michael F. van Breda. a5th ed. aHomewood, IL :bIrwin,cc1992. axvi, 905 p. :bill. ;c25 cm. aIncludes bibliographical references and index. 0aAccounting.92184741 aVan Breda, Michael F.qJoint authors9218475 2ddccBK c73787d73787 00102ddc40718NFICaRUCLbRUCLcReadingd2000-06-10eDhaka, Karim Internationalg1147.00l0o657 HEA 1992r2017-06-11 00:00:00tC-1w2017-06-11yBK